Statistics for シーズン11使用率ランキング【svシングル】

Click here to take the quiz!

General Stats

  • This quiz has been taken 39 times
  • The average score is 9 of 15

Answer Stats

HintAnswer% Correct
2カイリュー
94%
3ハバタクカミ
81%
5サーフゴー
77%
1オーガポン
74%
10テツノツツミ
71%
6パオジアン
68%
9イーユイ
58%
4ガチグマ
55%
7ウーラオス
55%
12ウーラオス
55%
11ランドロス
52%
15ガブリアス
48%
8ハッサム
42%
13キョジオーン
35%
14キュウコン
16%

Score Distribution

Percentile by Number Answered

Percent of People with Each Score

Your Score History

You have not taken this quiz